Inflation targeting with NAIRU uncertainty and endogenous policy credibility

Enregistré dans:
Détails bibliographiques
Auteur principal: Isard, Peter
Autres auteurs: Laxton, Douglas, Eliasson, Ann-Charlotte
Format: Livre
Langue:anglais
Publié: Washington International Monetary Fund 2001
Collection:IMF Working Paper WP/01/7
Sujets:
Tags: Ajouter un tag
Pas de tags, Soyez le premier à ajouter un tag!

MARC

LEADER 00000nam a2200000 4500
001 c124809
005 20221221091207.5
041 0 |a eng 
044 |a US 
245 1 0 |a Inflation targeting with NAIRU uncertainty and endogenous policy credibility  |c Peter Isard, Douglas Laxton and Ann-Charlotte Eliasson 
264 1 |a Washington  |b International Monetary Fund  |c 2001 
300 |a 40 s. 
490 1 |a IMF Working Paper  |v WP/01/7 
830 0 |a IMF Working Paper  |v WP/01/7 
610 2 0 |a inflácia 
610 2 0 |a politika finančná 
610 2 0 |a pravidlá menové 
100 1 |a Isard, Peter 
700 1 |a Laxton, Douglas 
700 1 |a Eliasson, Ann-Charlotte